00481nam a2200157Ia 4500008004100000041000800041082001500049100001000064245003600074250001400110260003100124300003000155365000500185999001500190952011800205240624s9999 xx 000 0 und d aeng a519.82 GRO aGROSS aFUNDAMENTALS OF QUEUEING THEORY a(3rd ed.) c2004aNew YorkbJohn Wiley axi, : 441 : p. : cm. ; 26 c c3517d3517 00104070aIMTNbIMTNcRack 19-Ad2006-04-25eAPg5.95o519.82 GROp3517r2024-06-24 00:00:00t1w2024-06-24yBK